Violencia de género : (Registro nro. 6249)
[ vista simple ]
| 000 -LEADER | |
|---|---|
| fixed length control field | 01118nab a22002417a 4500 |
| 003 - CONTROL NUMBER IDENTIFIER | |
| control field | OSt |
| 005 - DATE AND TIME OF LATEST TRANSACTION | |
| control field | 20260127205202.0 |
| 008 - FIXED-LENGTH DATA ELEMENTS--GENERAL INFORMATION | |
| fixed length control field | 190514b xxu||||| |||| 00| 0 spa d |
| 040 ## - CATALOGING SOURCE | |
| Transcribing agency | PJ |
| 100 ## - MAIN ENTRY--PERSONAL NAME | |
| 9 (RLIN) | 6960 |
| Personal name | Granero, Sabrina |
| 245 10 - TITLE STATEMENT | |
| Title | Violencia de género : |
| Remainder of title | debida diligencia reforzada y reparación integral / |
| Statement of responsibility, etc | Sabrina Granero. |
| 300 ## - PHYSICAL DESCRIPTION | |
| Extent | p. 118-126 |
| 500 ## - GENERAL NOTE | |
| General note | Cita: TR LALEY AR/DOC/2142/2025. |
| 505 ## - FORMATTED CONTENTS NOTE | |
| Formatted contents note | Sumario: I. Introducción.— II. Antecedentes del caso.— III. La sentencia: un análisis desde el derecho de daños.— IV. Conclusión. |
| 505 ## - FORMATTED CONTENTS NOTE | |
| Title | Fallo comentado: TGestión Asociada, Nro. 2 Mendoza ~ 31/03/2025 ~ M. L. E. c. R. B. C. R. s/ daños derivados de violencia de género. |
| 650 #0 - SUBJECT ADDED ENTRY--TOPICAL TERM | |
| 9 (RLIN) | 967 |
| Topical term or geographic name as entry element | DERECHO DE FAMILIA |
| 650 #0 - SUBJECT ADDED ENTRY--TOPICAL TERM | |
| 9 (RLIN) | 4044 |
| Topical term or geographic name as entry element | PERSPECTIVA DE GÉNERO |
| 650 #0 - SUBJECT ADDED ENTRY--TOPICAL TERM | |
| 9 (RLIN) | 3053 |
| Topical term or geographic name as entry element | VIOLENCIA DE GÉNERO |
| 650 #0 - SUBJECT ADDED ENTRY--TOPICAL TERM | |
| 9 (RLIN) | 4077 |
| Topical term or geographic name as entry element | REPARACION INTEGRAL |
| 650 #0 - SUBJECT ADDED ENTRY--TOPICAL TERM | |
| 9 (RLIN) | 1057 |
| Topical term or geographic name as entry element | JURISPRUDENCIA APLICABLE |
| 773 0# - HOST ITEM ENTRY | |
| Host Biblionumber | 2844 |
| Host Itemnumber | 3222 |
| Place, publisher, and date of publication | Buenos Aires : AbeledoPerrot, 1989- |
| Title | Derecho de familia. Revista Interdisciplinaria de doctrina y jurisprudencia. Octubre 2025-V. |
| International Standard Book Number | 18511201 |
| 942 ## - ADDED ENTRY ELEMENTS (KOHA) | |
| Source of classification or shelving scheme | |
| Koha item type | Analítica Artículo de Revista |
No hay ítems disponibles.
